Southville International School and Colleges
Your cart is empty.
  • Cart
  • Lists
    Public lists Eva Luna New books Lux_list list_1
    Your lists Log in to create your own lists
  • Log in to your account
  • Your cookies
  • Search history
Southville International School and Colleges
  • Advanced search
  • Recent comments
  • Most popular
  • Libraries

Log in to your account

Log in with GOOGLE


If you do not have an external account, but do have a local account, you can still log in:

  1. Home
  2. MARC view: The oxford dictionary of dance /
Normal view MARC view ISBD view

The oxford dictionary of dance / (Record no. 24811)

[ view plain ]
MARC details
000 -LEADER
fixed length control field 00570nam a2200205 a 4500
005 - DATE AND TIME OF LATEST TRANSACTION
control field 20140310183542.0
008 - FIXED-LENGTH DATA ELEMENTS--GENERAL INFORMATION
fixed length control field 110820s19uu xx 00 eng d
020 ## - INTERNATIONAL STANDARD BOOK NUMBER
International Standard Book Number 9780199563449
050 ## - LIBRARY OF CONGRESS CALL NUMBER
Classification number GV 1585
Item number .C78 2010
100 ## - MAIN ENTRY--PERSONAL NAME
Personal name Craine, Debra
245 ## - TITLE STATEMENT
Title The oxford dictionary of dance /
Statement of responsibility, etc Debra Craine; Judith Mackrell.
250 ## - EDITION STATEMENT
Edition statement 2nd ed.
260 ## - PUBLICATION, DISTRIBUTION, ETC. (IMPRINT)
Place of publication, distribution, etc New York :
Name of publisher, distributor, etc Oxford University Press,
Date of publication, distribution, etc 2010.
300 ## - PHYSICAL DESCRIPTION
Extent 502 p. :
Dimensions 24 cm.
650 ## - SUBJECT ADDED ENTRY--TOPICAL TERM
Topical term or geographic name as entry element Dance
General subdivision Dictionaries
650 ## - SUBJECT ADDED ENTRY--TOPICAL TERM
Topical term or geographic name as entry element Ballet
700 ## - ADDED ENTRY--PERSONAL NAME
Personal name Mackrell, Judith
942 ## - ADDED ENTRY ELEMENTS (KOHA)
Koha item type Books
Source of classification or shelving scheme Library of Congress Classification
Holdings
Withdrawn status Lost status Source of classification or shelving scheme Damaged status Home library Current library Shelving location Date acquired Total Checkouts Full call number Barcode Date last seen Copy number Price effective from Koha item type
    Library of Congress Classification   College Library College Library Reference Section 08/20/2011   GV 1585 .C78 2010 C13327 05/15/2018 1 11/14/2013 Books

The oxford dictionary of dance /

APA

Craine D., Mackrell J., . (2010). The oxford dictionary of dance. New York: Oxford University Press.

Chicago

Craine Debra, Mackrell Judith, . 2010. The oxford dictionary of dance. New York: Oxford University Press.

Harvard

Craine D., Mackrell J., . (2010). The oxford dictionary of dance. New York: Oxford University Press.

MLA

Craine Debra, Mackrell Judith, . The oxford dictionary of dance. New York: Oxford University Press. 2010.

  • Place hold
  • Print
  • Cite
  • Add to your cart (remove)
  • Save record
    BIBTEX Dublin Core MARCXML MARC (non-Unicode/MARC-8) MARC (Unicode/UTF-8) MARC (Unicode/UTF-8, Standard) MODS (XML) RIS
  • More searches
    Search for this title in:
    Other Libraries (WorldCat) Other Databases (Google Scholar) Online Stores (Bookfinder.com) Open Library (openlibrary.org)

Exporting to Dublin Core...

SOUTHVILLE LIBRARY

Southville International School and Colleges Library

1281 Tropical Ave. Cor. Luxembourg St., BF Homes International, Las Pinas City

Tel. No. 8256374 / 252358 Loc. 117/146

Powered by Koha